| 000 | 00343nam a2200109Ia 4500 | ||
|---|---|---|---|
| 008 | 180305s9999 xx 000 0 und d | ||
| 020 | _a9719314907 | ||
| 100 | _aBalita, Carlito E. | ||
| 245 |
_cCarlito E. Balita _aUltimate Learning Guide: _bTo Nursing Review/ |
||
| 260 |
_aQuezon City _bInterworld Communication Inc. _c2005 |
||
| 300 | _a429 Pages | ||
| 999 |
_c356047 _d356047 |
||